Atatürk'ün mimarının anıları : (Kayıt no. 9994)

MARC ayrıntıları
000 -BAŞLIK
Sabit Uzunluktaki Kontrol Alanı 00621nam a22001937a 4500
003 - KONTROL NUMARASI KİMLİĞİ
Kontrol Alanı KOHA_MİRAKIL
005 - EN SON İŞLEM TARİHİ ve ZAMANI
Kontrol Alanı 20260323111038.0
008 - SABİT UZUNLUKTAKİ VERİ ÖGELERİ - GENEL BİLGİ
Sabit Alan 260323b tu ||||| |||| 00| 0 tur d
020 ## - ISBN - ULUSLARARASI STANDART KİTAP NUMARASI
Isbn 9786053608530
040 ## - KATALOGLAMA KAYNAĞI
Özgün Kataloglama Kurumu TR-AnABB
Kataloglama Dili tur
Çeviri Kurumu TR-AnABB
041 ## - DİL KODU
Metin ya da ses kaydının dil kodu tur
082 ## - DEWEY ONU SINIFLAMA SİSTEMİ
Sınıflama Numarası 720.9561092
Cutter numarası EGL 2013
100 1# - KİŞİ ADI
Yazar Adı (Kişi adı) Egli , Ernst A.
245 10 - ESER ADI BİLDİRİMİ
Başlık Atatürk'ün mimarının anıları :
Alt Eseradı vb. genç Türkiye inşa edilirken /
Sorumluluk Bildirimi Ernst A. Egli ; çeviren: Güven Göktan Uçer
260 ## - YAYIN, DAĞITIM, VB.
Yayın Yeri İstanbul :
Yayınevi Türkiye İş Bankası ,
Yayın Tarihi 2013
300 ## - FİZİKSEL TANIMLAMA
Sayfa, Cilt vb. 371 sayfa ;
Boyutları 20 cm
650 04 - KONU BAŞLIĞI EK GİRİŞ - KONU TERİMİ
Konusal terim veya coğrafi ad Mimari, Türkiye
942 ## - EK GİRİŞ ÖGELERİ (KOHA)
Sınıflama Kaynağı Dewey Decimal Classification
Materyal Türü Kitap
900 ## - YEREL BİLGİ
Kontrol Can ÇELIK
Mevcut
Geri Çekilme Durumu Kayıp Durumu Sınıflandırma Kaynağı Kredi için değil Kalıcı Konum Mevcut Konum Kayıt Tarih Toplam Ödünçverme Yer Numarası Demirbaş Numarası Son Görülme Tarihi Fatura Tarihi Materyal Türü
    Dewey Decimal Classification   Prof. Dr. Ruşen Keleş Kütüphanesi Prof. Dr. Ruşen Keleş Kütüphanesi 23/03/2026   720.9561092 EGL 2013 RK1007 23/03/2026 23/03/2026 Kitap